000 00874nam a22002057a 4500
003 OSt
005 20260213164420.0
008 260213b |||||||| |||| 00| 0 eng d
040 _c0
082 _aDPer 796.07 J826 January-October 2023 v. 42 n. 1-4
100 _aFlory, Sara B.
_eauthor.
_969629
245 _aChallenges to Cultrally Responsive Teaching in PHysical Education Teacher Education:
_bA Mixed-Methods Analysis /
_cSara B. Flory, Craigory V. Nieman, Rebecca C. Wylie.
260 _aChampaign, IL ;
_bHuman Kinetic, Inc. ;
_cJuly 2023
300 _aVolume 42, pages 401-409 :
_billustration ;
_c29 cm.
500 _aJournal of Teaching in Physical Education, vol. 42 no. 2, pages 401-409, July 2023
700 _aFlory, Sara B.
_eauthor.
_969629
700 _aNieman, Craigory V.
_eauthor.
_969631
700 _aWylie, Rebecca C.
_eauthor.
_969630
942 _2ddc
_cPER
999 _c24328
_d24328